Statistical Yearbook 1991 of the Netherlands
Salvato in:
| Natura: | Libro |
|---|---|
| Lingua: | olandese |
| Pubblicazione: |
Hague
Central Bureau of Statistics
1991
|
| Edizione: | 1. ed. |
| Tags: |
Nessun Tag, puoi essere il primo ad aggiungerne!!
|
MARC
| LEADER | 00000nam a2200000 4500 | ||
|---|---|---|---|
| 001 | c002251 | ||
| 005 | 20221214094917.1 | ||
| 041 | 0 | |a dut | |
| 044 | |a NL | ||
| 245 | 1 | 0 | |a Statistical Yearbook 1991 of the Netherlands |
| 250 | |a 1. ed. | ||
| 264 | 1 | |a Hague |b Central Bureau of Statistics |c 1991 | |
| 300 | |a 512 s. | ||